| 000 | 00456nam a22001697a 4500 | ||
|---|---|---|---|
| 082 |
_a398.357 8 _bSAN/F |
||
| 100 | _aSanthakumari R S | ||
| 245 |
_aFolk songs of Kongunadu with special reference to Kummi songs/ _cby Santhakumari |
||
| 260 |
_aChennai: _bMudhra Prints, _c2005. |
||
| 300 | _a348p. | ||
| 650 | _aKummi Songs | ||
| 650 | _aFolk Songs Tamil Nadu | ||
| 650 | _aFolk Songs | ||
| 650 | _aFolklore | ||
| 650 | _aSocial Sciences | ||
| 942 | _cBK | ||
| 999 |
_c55966 _d55966 |
||